TV Show by Crime Solving Duo Quiz Stats

Quiz Updated Oct 2, 2013

Challenge
Share
Tweet
Embed
Score 0/36 Timer 07:00
0 Plays Today
Crime-Solving Duo (First Names) Title of TV Show % Correct
Fox and DanaThe X-Files
61.1%
Michael and K.I.T.T.Knight Rider
59.4%
Seeley and TemperanceBones
51.7%
Chuck and SarahChuck
51.4%
Laura and RemingtonRemington Steele
46.7%
Frank ('Ponch') and JonathanCHiPs
42%
Madeline ('Maddie') and DavidMoonlighting
41.6%
Shawn and Burton ('Gus')Psych
36.2%
Christine and Mary BethCagney & Lacey
34.6%
James and RicardoMiami Vice
30.9%
T.J. and StacyT.J. Hooker
30.2%
Dave and KenStarsky & Hutch
27.4%
Jennifer and JonathanHart to Hart
24.4%
Jake and J.L.Jake and the Fatman
23%
Richard and KateCastle
22.8%
Sam and DeanSupernatural
21.1%
John and EmmaThe Avengers
19.4%
Napoleon and IllyaThe Man From U.N.C.L.E.
18.5%
Crime-Solving Duo (First Names) Title of TV Show % Correct
Rick and A.J.Simon & Simon
17.5%
Don and CharlieNumb3rs
16.5%
Neal and PeterWhite Collar
15%
Sally and Stewart ('Mac')McMillan & Wife
12.7%
Amanda and LeeScarecrow & Mrs. King
12.2%
Joe and FrankThe Hardy Boys / Nancy Drew Mysteries
10.7%
Rick and Dee DeeHunter
9.8%
Cal and GillianLie to Me
8.9%
William and VirgilIn the Heat of the Night
7.9%
Stringfellow and DominicAirwolf
6.2%
Mike and SteveThe Streets of San Francisco
6.1%
Matt and C.J.Matt Houston
4.4%
Mark and SteveDiagnosis: Murder
4%
Milton and Mark ('Skid')Hardcastle & McCormick
3.5%
Benton and Raymond ('Ray')Due South
3%
Harriet ('Harry') and JamesDempsey & Makepeace
2%
William and Yukon KingSergeant Preston of the Yukon
1.8%
Jacob and RachelEleventh Hour
1.2%

You're not logged in!

Compare scores with friends on all Sporcle quizzes.
Sign Up with Email
OR
Log In

You Might Also Like...

Show Comments

Extras

Top Quizzes Today


Score Distribution

Your Account Isn't Verified!

In order to create a playlist on Sporcle, you need to verify the email address you used during registration. Go to your Sporcle Settings to finish the process.

Report this User

Report this user for behavior that violates our Community Guidelines.

Details: